|
|
|
|
| LEADER |
01155nam a2200313 i 4500 |
| 001 |
29014 |
| 003 |
BD-DhAAL |
| 005 |
20150331145820.0 |
| 008 |
150331t20152015mau b 001 0 eng |
| 010 |
|
|
|a 2013050988
|
| 020 |
|
|
|a 9781284049190 (pbk.)
|
| 020 |
|
|
|a 1284049191 (pbk.)
|
| 040 |
|
|
|a DLC
|b eng
|c DLC
|e rda
|d DLC
|d BD-DhAAL
|
| 042 |
|
|
|a pcc
|
| 050 |
0 |
0 |
|a QA9.58
|b .N43 2015
|
| 082 |
0 |
0 |
|a 518.1
|2 23
|
| 100 |
1 |
|
|a Neapolitan, Richard E.,
|e author.
|9 10237
|
| 245 |
1 |
0 |
|a Foundations of algorithms /
|c Richard E. Neapolitan, PhD, Northwestern University.
|
| 250 |
|
|
|a Fifth edition.
|
| 260 |
|
|
|a Burlington, MA :
|b Jones & Bartlett Learning,
|c c2015
|
| 300 |
|
|
|a xvii, 676 pages ;
|c 24 cm.
|
| 504 |
|
|
|a Includes bibliographical references (pages 653-658) and index.
|
| 541 |
|
|
|e 29014
|
| 650 |
|
0 |
|a Algorithms.
|9 7204
|
| 650 |
|
0 |
|a Constructive mathematics.
|9 10238
|
| 650 |
|
0 |
|a Computational complexity.
|9 10239
|
| 942 |
|
|
|2 ddc
|c BK
|
| 999 |
|
|
|c 34191
|d 34191
|
| 952 |
|
|
|0 0
|1 0
|2 ddc
|4 0
|6 518_100000000000000_NEA
|7 0
|9 53367
|a BRACUL
|b BRACUL
|c GEN
|d 2015-03-31
|e Trim Education
|g 5258.00
|l 12
|m 136
|o 518.1 NEA
|p 3010029014
|r 2026-01-18
|s 2025-10-14
|t 1
|w 2015-03-31
|y BK
|